1020 1312 1741 1030 1143 1224 1798 1469 1697 1384 1548 1010 1454 1419 1596 1029 1632 1683 1070 1720 1740 1971 1119 1403 1194 1248 1421 1765 1854 1104 1996 1064 1476 1001 1460 1761 1666 1737 1172 1601 1928 1108 1107 1222 1056 1409 1460 1680 1221 1483 1404 1882 1976 1855 1759 1513 1304 1033 1494 1372 1583 1602 1255 1980 1965 1158 1708 1438 1659 1831 1749 1102 1966 1464 1392 1009 1617 1018 1895 1349 1462 1226 1548 1853 1957 1624 1028 1758 1863 1454 1057 1229 1075 1546 1247 1829 1402 1879 1719 BCNSPRNW ULIB Ver.6.0+V

เปลี่ยนเป็นภาษาไทย

Change to English
 แสดงรายละเอียดบรรณานุกรม
  กลับหน้าหลัก

Brief Record : Get Marc (ISO 2709) : E-mail record : QR code < ปิดหน้าต่าง
LEADER : 00000nam 2200000uu 4500
001    13399110328
003     ULIB
008    110428s2553||||th 000 0 tha d
020    9786161100131
060  4 WM274^bส687ก 2553
100 0  สาวิตรี อัษณางค์กรชัย
245 10 การคัดกรองผู้มีปัญหาการดื่มสุรา =^bAlcohol screening /^cสาวิตรี อัษณางค์กรชัย
246 31 Alcohol screening
250    พิมพ์ครั้งที่ 3
260    เชียงใหม่ :^bแผนงานการพัฒนาระบบรูปแบบและวิธีการบำบัดรักษาผู้มีปัญหาการบริโภคสุราแบบบูรณาการ โรงพยาบาลสวนปรุง,^c2553
300    [10], 44 หน้า :^bภาพประกอบ
650  4 คนดื่มสุรา^xการวินิจฉัย
650  4 พิษสุราเรื้อรัง^xการวินิจฉัย
710 2  โรงพยาบาลสวนปรุง.^bแผนงานการพัฒนาระบบรูปแบบและวิธีการบำบัดรักษาผู้มีปัญหาการบริโภคสุราแบบบูรณาการ
945    ^p0^l0^i027598
995    ทศพร
999 ^a ใช้งานได้ทุกระบบ
รายการนี้ยังไม่มีแท็ก
คุณยังไม่ได้ล็อกอิน คุณสามารถมีกิจกรรมร่วมกับเว็บไซต์ได้ แต่ต้องล็อกอินก่อน ::
  ล็อกอิน

รายการสื่อสารสนเทศ

ลำดับที่ ประเภท เลขเรียก/บาร์โค้ด สถานที่ สถานะ
1. วิทยาศาสตร์การแพทย์ และสุขภาพ
หนังสือสำรอง
สถานะ=หนังสือสำรอง
WM274 ส687ก 2553 ฉ.1 
  Barcode: 027598
ห้องสมุดวิทยาเขตสวรรค์ประชารักษ์
►ส่วนจัดเก็บหนังสือเก่า สปร
บนชั้น
  ขอยืม

BibComment


ยังไม่เคยถูกคอมเมนท์

คอมเมนท์ทรัพยากรรายการนี้
  คอมเมนท์: การคัดกรองผู้มีปั..


 Copyright 2026. Bcnsprnw @Library